01328nam a2200265 a 450000100100000000500170001000800410002702000150006804000250008308200200010824500280012826000340015630000250019049000980021565000280031365000310034171000510037283001050042304900090052895201330053795201330067095201180080395201240092199900170104500001096620240412074222.0091013s2004 dr a 001 p spa d a9993497274 aDO-SdBNPbspacBNPHU aRD861.44bP977s00aPueblo, sangre y canto. aSanto Domingo :bUASD,c2004. a56 p :bil ;c21 cm.1 aPublicaciones de la Universidad Autónoma de Santo Domingo;v1134aLiteratura y sociedadv40 0aPoesía dominicana966 0aLiteratura dominicana.9671 aUniversidad Autónoma de Santo Domingo972951 0aPublicaciones de la Universidad Autónoma de Santo Domingo;n1134pLiteratura y sociedadn40926375 aBNPD 001054708DSaGRbGRcCTd2009-10-13iLF1l0oRD861.44 P977sp10966-30r2020-06-25te. 4w2020-06-25yLFDSZPréstamo en sala 001054708DSaGRbGRcCTd2009-10-13iLF1l0oRD861.44 P977sp10966-40r2020-06-25te. 3w2020-06-25yLFDSZPréstamo en sala 0010718PDaPDbPDcCTd2009-10-13iLF1l0oRD861.44 P977sp10966-10r2020-06-25w2020-06-25yLFPDZNo se presta 0010718PDaPDbPDcCTd2009-10-13iLF1l0oRD861.44 P977sp10966-20r2020-06-25te. 2w2020-06-25yLFPDZNo se presta c10704d10704